000 01820nam a2200301 a 4500
001 000003883
003 DO-SdBPM
005 20260218060418.0
007 ta
008 090714s2000 dr 001 0 spa d
040 _aDO-SdBPM
_bspa
_cBPMSU
_drda
082 4 _a344.729301
_bC669t 2000
_222
110 1 _aRepública Dominicana.
_bSecretaría de Estado de Trabajo
245 0 0 _aCódigo de trabajo de la República Dominicana :
_bLey 16-92 promulgada el 29 de mayo de 1992 y reglamento para su aplicación (incluye Ley 97-97)
_c
260 _c
264 _aSanto Domingo :
_bSecretaría de Estado de Trabajo,
_c2000
300 _3 191 páginas ;
_c25 cm.
336 _atexto
_btxt
_2rdacontent
337 _asin mediación
_bn
_2rdamedia
338 _avolumen
_bnc
_2rdacarrier
500 _aIncluye índice por materia
505 0 _aPresentación, 1. --Principios fundamentales, 13. Libro Primero. Del Contrato de Trabajo, 16-35. --Libro Segundo. De la regulación privada de las condiciones del contrato de trabajo, 38-41. --Libro Tercero. Dela regulación oficial de las condiciones ordinaria del contrato de trabajo, 43-57. --Libro cuarto. De la regulación oficial de las condiciones de algunos contrato de trabajo, 58-68. --Libro quinto. De los sindicato, 69-78. --Libro sexto. De los conflictos económicos, de la huelgas y de los paros, 80-83. --Libro Séptimo. De la aplicación de la ley, 85-139. --Libro Octavo. De la responsabilidad y de las sanciones, 141. --Libro Noveno. Disposiciones finales (Del art. 725 al 733), 141. ---disposiciones transitorias (Del art. 734 al 738, 145.
590 _aInventariado, 2026/VM
650 4 _aDerecho laboral
_zRepública Dominicana
650 4 _aLegislación laboral
_zRepública Dominicana
910 _aVMateo V. Control de calidad. BPMSU
942 _2ddc
_cBK
999 _c15708
_d15708